|
|
|
|
| LEADER |
00000cam a2200000 7i4500 |
| 001 |
0000004013 |
| 005 |
20150107.0 |
| 020 |
0 |
0 |
|a 9789675227431
|
| 090 |
0 |
0 |
|a 550.74
|b GEO 2011
|
| 100 |
0 |
0 |
|a Mohd Shafeea Leman, 1956-
|
| 245 |
1 |
0 |
|a Geology museams in East and Southeast Asia
|c Mohd Shafeea Leman..etc
|
| 260 |
0 |
0 |
|a Bandar Baru Bangi, Selangor :
|b Ideal AA Sdn. Bhd ,
|c 2011
|
| 300 |
|
|
|a 306 p. :
|b col. ill. ;
|c 25 cm.
|
| 650 |
0 |
0 |
|a Geological musuems
|z Southeast asia
|
| 650 |
0 |
0 |
|a Geology museums
|z East Asia
|
| 700 |
1 |
1 |
|a Chen, Shick Pei
|
| 700 |
1 |
1 |
|a Mohd Shafeea Leman
|
| 700 |
1 |
1 |
|a Reedman, Anthony
|
| 710 |
1 |
1 |
|a Institute for Environment and Development (LESTARI)
|
| 998 |
|
|
|a JPSM
|
| 999 |
|
|
|a 007833
|b Monograph
|c Open Shelf
|e Default branch
|